1568 1488 1270 1611 1326 1503 1143 1346 1637 1841 1226 1171 1874 1847 1244 1019 1761 1064 1877 1163 1670 1299 1322 1480 1514 1637 1979 1116 1590 1446 1700 1647 1973 1492 1386 1052 1322 1871 1997 1604 1672 1250 1048 1502 1328 1472 1413 1490 1831 1234 1637 1273 1639 1603 1495 1145 1447 1817 1761 1132 1266 1118 1724 1063 1589 1771 1585 1184 1188 1859 1994 1850 1399 1935 1984 1250 1672 1928 1977 1949 1289 1791 1764 1097 1763 1634 1961 1196 1149 1520 1197 1382 1138 1264 1302 1680 1933 1465 1447 BCNSPRNW ULIB Ver.6.0+V

เปลี่ยนเป็นภาษาไทย

Change to English
 แสดงรายละเอียดบรรณานุกรม
  กลับหน้าหลัก

Brief Record : Get Marc (ISO 2709) : E-mail record : QR code < ปิดหน้าต่าง
LEADER : 00000nam 2200000uu 4500
001    13399113614
003     ULIB
008    111124s2552||||th 000 0 tha d
020    ^a9786115000210
090    ^aนว.^bณ410ฟ 2552
100 0  ^aณารา
245 00 ^aไฟรัก...เกมร้อน/^cณารา
250    ^aพิมพ์ครั้งที่ 1
260    ^aกรุงเทพฯ :^bพิมพ์คำ,^c2552
300    ^a402 หน้า
710 1  ^aพิมพ์คำ
945    ^p250^l0^i16307
995    ^aกัณชพร
999    ^aใช้งานได้ทุกระบบ
รายการนี้ยังไม่มีแท็ก
คุณยังไม่ได้ล็อกอิน คุณสามารถมีกิจกรรมร่วมกับเว็บไซต์ได้ แต่ต้องล็อกอินก่อน ::
  ล็อกอิน

รายการสื่อสารสนเทศ

ลำดับที่ ประเภท เลขเรียก/บาร์โค้ด สถานที่ สถานะ
1. นวนิยาย
นวนิยาย
นว. ณ410ฟ 2552 ฉ.1 
  Barcode: 16307
ห้องสมุดวิทยาเขตสวรรค์ประชารักษ์
►นวนิยาย
บนชั้น
  ขอยืม

รายการใกล้เคียง
    ผู้แต่ง [ณารา]

BibComment


ยังไม่เคยถูกคอมเมนท์

คอมเมนท์ทรัพยากรรายการนี้
  คอมเมนท์: ไฟรักเกมร้อน ณารา


 Copyright 2026. Bcnsprnw @Library